000 02615nam a22003017a 4500
001 1575
003 FISKH
005 20251127112555.0
008 230907b cb ||||| |||| 00| 0 khr d
020 _a9789996305832
040 _aFISKH
_beng
_cFISKH
_dFISKH
082 _a333.72
100 _aTordjman, Nathalie
245 _aធនធានធម្មជាតិនៅកម្ពុជា​ /
_bជីវៈចម្រុះដែលត្រូវអភិរក្ស
_cនិពន្ធដោយ Nathalie Tordjman
250 _aបោះពុម្ពលើកទី៣ មិថុ​នា​ ២០២១
260 _aPhnom Penh :
_bSipar,
_c2021.
300 _a40 pages :
_bcolor illustrations ;
_c27 cm
490 _aខ្ញុំចង់ដឹង
505 _aZ
520 _aជីវចម្រុះកម្ពុជា គឺជាសៀវភៅឯកសារអំពីធនធានធម្មជាតិនៅកម្ពុជា ដែលត្រូវតែការពារ។ មិត្តអ្នកអាននឹងស្វែងយល់ពីភាពសំបូរបែបនៃប្រព័ន្ធអេកូឡូស៊ី ៣ ប្រភេទផ្សេងៗគ្នា ព្រៃដីខ្ពស់ ជួរភ្នំក្រវាញ ដីសើមនៃវាលទំនាបកណ្តាល ទន្លេមេគង្គ និងបឹងទន្លេសាប និងតំបន់ការពារឆ្នេរ វាលភក់ ព្រៃកោងកាង និងថ្មប៉ប្រះទឹកផ្កាថ្ម។ តាមរយៈរូបថត រូបភាពគំនូរ ផែនទី និងគ្រោងការណ៍ជាច្រើន សៀវភៅនេះងាយស្រួលយល់។
520 _aBiodiversity of Cambodia is a documentary book about natural resources in Cambodia that has to be protected. The reader will discover the wealth of 3 different ecosystems: High land forest: Cardamoms Mountains, Wetland of the central plain: the Mekong and the Tonle Sap lac, and Coastal protected areas: Mangrove swamps and coral reef. Through many photos, illustrations, maps and schema, the book is easy to understand.
521 8 _a1000
_bLexile estimate
521 8 _aZ'
_bRaz-Plus
650 _aជីវៈចម្រុះ
_vធនធានធម្មជាតិ
_xការការពារ
650 _aBiodiversity
_vNatural Resource
_xProtection
700 _aRatha, Ouk
_eillustrator
942 _2ddc
_cBK
_n0
999 _c1575
_d1575